000 00252nam a22001097a 4500
082 _a340
100 _aGarg,Sandeep
245 _aThe Specific Relief Act,1963
260 _aDelhi
_bCommercial Law Publishers
_c2025
650 _aLAW
942 _cC. BOOKS
999 _c68239
_d68239